Pedro Loefling en Venezuela (Record no. 136571)

MARC details
000 -LEADER
campo de control de longitud fija 00567nam a2200181 4500
001 - NÚMERO DE CONTROL
campo de control 136571
003 - IDENTIFICADOR DE NÚMERO DE CONTROL
campo de control ES-MaACL
005 - FECHA Y HORA DE LA ÚLTIMA TRANSACCIÓN
campo de control 20230906195152.0
007 - CAMPO FIJO DE DESCRIPCIÓN FÍSICA--INFORMACIÓN GENERAL
campo de control de longitud fija t|
008 - DATOS DE LONGITUD FIJA--INFORMACIÓN GENERAL
campo de control de longitud fija 070214s1957 sp r ||||1| spa d
100 1# - ENTRADA PRINCIPAL--NOMBRE DE PERSONA
Nombre de persona Ryden, Stig.
9 (RLIN) 101105
245 10 - MENCIÓN DEL TÍTULO
Título Pedro Loefling en Venezuela
Resto del título : (1754-1756) /
Mención de responsabilidad, etc. Stig Ryden.
260 ## - PUBLICACIÓN, DISTRIBUCIÓN, ETC.
Lugar de publicación, distribución, etc. Madrid :
Nombre del editor, distribuidor, etc. Insula,
Fecha de publicación, distribución, etc. 1957.
300 ## - DESCRIPCIÓN FÍSICA
Extensión 266 p. ;
Dimensiones 21 cm.
500 ## - NOTA GENERAL
Nota general Precede al Tit : Instituto Ibero-Americano Gotemburgo, Suecia.
710 00 - ENTRADA AGREGADA--NOMBRE DE ENTIDAD CORPORATIVA
Nombre de entidad corporativa o nombre de jurisdicción como elemento de entrada Instituto Ibero-Americano (Göteborg)
9 (RLIN) 5089
852 ## - LOCALIZACIÓN
Ubicación ES-MaACL
Número de control de estantería C-12965
Sublocalización o colección R.40819
Holdings
Estatus retirado Estado de pérdida Estado de daño No para préstamo Biblioteca de origen Biblioteca actual Ubicación en estantería Fecha de adquisición Fuente de adquisición Total de préstamos Signatura topográfica completa Código de barras Visto por última vez Precio de reemplazo Tipo de ítem Koha
        Biblioteca del Ateneo de Madrid Biblioteca del Ateneo de Madrid Sala Palomar 17/01/2008     C-12965 1142133 23/02/2023 23/02/2023 Libro impreso